02440nam a2200397 a 450000100090000000300090000900500170001800700090003500800410004402000150008504000220010009200370012210000370015924500870019625000330028326000530031630000410036950000670041050001830047750503740066065000440103465000460107865000400112465000450116465000490120970000300125891000370128893000330132594200120135895201330137095201520150395201630165595201700181895600390198899900150202700003839DO-SdBNP20160523111500.000003839150130s2009 dr abc 000 0 spa d a9803663771 aBPMSUbspacBPMSU a372.83 bH557c 4to. 2009 aHernández Grullón, Alejandro10aCiencias sociales 4 / cAlejandro Hernández Grullón, Juan Ricardo Hernández  aEdición actualizada y rev. aSanto Domingo :bActualidad Escolar 2000,c2009. a2v. :bil., mapas, retrs. ;c28 cm. aLa biblioteca posee v. 1 libro texto y v.2. Libro del maestro aEste libro ha sido realizado de acuerdo al curriculum vigente y aprobado como libro de texto por la SEE, bajo el no. 6096 de fecha 4 de julio 2006, revisado y actualizado al 20090 aUnidad 1 --gUnidad 1 --tProvincias y regiones dominicanas -- gUnidad 2 --tRelieve, hidrografía y clima de las regiones de la República Dominicana -- gUnidad 3 --tPrimeros pobladores y llegada de los españoles -- gUnidad 4 --tEsclavitud nativa y resistencia --gUnidad 5 --tFormación del pueblo dominicano: independencia, anexión y restauración --  4aCIENCIAS SOCIALESxENSEÑANZA BÁSICA 4aCIENCIAS SOCIALESxEDUCACIÓN PRIMARIA 4aCIENCIAS SOCIALESxLIBROS DE TEXTOS 4aCIENCIAS SOCIALESxESTUDIOS Y EJERCICIOS 4aEDUCACIÓN PRIMARIAzREPÚBLICA DOMINICANA12aHernández, Juan Ricardo aValidado. Control de calidad MFF 1lBND01mLF1820110113f04pHD 2ddccBK 00102ddc40708ESCaBPMETbBPMETd2016-04-11eDonaciónl0o372.83 H557c 4to. 2009 v.1pBPMSU16040308r2016-04-11yBK 00102ddc40708ESCaBPMETbBPMETd2016-04-11eDonaciónl0o372.83 H557c 4to. 2009 v.1pBPMSU16040309r2016-04-11tej. 2w2016-04-11yBK 00102ddc40708ESCaBPMETbBPMETd2016-04-11eDonaciónl0o372.83 H557c 4to. 2009 v.2 Libro del maestropBPMSU16040310r2016-04-11w2016-04-11yBK 00102ddc40708ESCaBPMETbBPMETd2016-04-11eDonaciónl0o372.83 H557c 4to. 2009 v.2 Libro del maestropBPMSU16040311r2016-04-11tej. 2w2016-04-11yBK aLOPEREZb10c20160408lBPMSUh0041 c9657d9657